LEADER 00921nam0-22003611i-450- 001 990003794630403321 005 20081017130245.0 010 $a88-15-06003-0 035 $a000379463 035 $aFED01000379463 035 $a(Aleph)000379463FED01 035 $a000379463 100 $a20030910d1997----km-y0itay50------ba 101 0 $aita 102 $aIT 105 $ay-------001yy 200 1 $a<>sette$fEnzo Pace 210 $aBologna$cil Mulino$dc1997 215 $a126 p., tab.$d19 cm 225 1 $aFarsi un'idea$v7 610 0 $aSette religiose$aAspetti sociali 676 $a291.9 676 $a306.691 9 700 1$aPace,$bEnzo$0110133 801 0$aIT$bUNINA$gRICA$2UNIMARC 901 $aBK 912 $a990003794630403321 952 $a306.6919 PAC 1$b6310$fBFS 952 $aCOLLEZ. 1741 (7)$b30945$fFSPBC 959 $aBFS 959 $aFSPBC 996 $aSette$9506735 997 $aUNINA LEADER 02523nam 2200433Ia 450 001 996396426003316 005 20221108085901.0 035 $a(CKB)4330000000343926 035 $a(EEBO)2240858919 035 $a(OCoLC)69648874 035 $a(EXLCZ)994330000000343926 100 $a20060530d1680 uy 0 101 0 $aeng 135 $aurbn||||a|bb| 200 10$aPolygraphice: or, The arts of drawing, engraving, etching, limning, painting, washing, varnishing, guilding, colouring, dying, beautifying, and perfuming$b[electronic resource] $eIn four books. Exemplified in the drawing of men, women, landskips, countries, and figures of various forms; the way of engraving, etching, and limning, with all their requisites and ornaments; the depicting of the most eminent pieces of antiquities; the paintings of the ancients; washing of maps, globes, or pictures; the dying of cloth, silk, horns, bones, wood, glass, stones, and metals; the varnishing, colouring, and guilding thereof, according to any purpose or intent; the painting, colouring, and beautifying of the face, skin, and hair; the whole doctrine of perfumes, together with the original, advancement, and perfection of the art of painting; the like never published till now ; To which is added, a discourse of perspective and chiromancy 205 $aThe fourth edition, with many new and large additions, adorned with twenty sculptures; the like never yet extant. 210 $aLondon$cPrinted for Charles Passinger, at the Sign of the Seven Stars on London-Bridge$d1680 215 $a[8], 407, [16] p., [17] leaves of plates $cill 300 $aReproduction of original in: Harvard University. Library. 330 $aeebo-0062 606 $aArt$vEarly works to 1800 606 $aHuman figure in art$vEarly works to 1800 606 $aPortrait drawing$vEarly works to 1800 606 $aPainting$vEarly works to 1800 606 $aMedicine$vFormulae, receipts, prescriptions$vEarly works to 1800 606 $aPalmistry$vEarly works to 1800 615 0$aArt 615 0$aHuman figure in art 615 0$aPortrait drawing 615 0$aPainting 615 0$aMedicine 615 0$aPalmistry 700 $aSalmon$b William$f1644-1713.$0717514 801 0$bUMI 801 1$bUMI 906 $aBOOK 912 $a996396426003316 996 $aPolygraphice: or, The arts of drawing, engraving, etching, limning, painting, washing, varnishing, guilding, colouring, dying, beautifying, and perfuming$92354371 997 $aUNISA